Análisis clásico elemental

Saved in:
Bibliografiske detaljer
Main Authors: Marsden, Jerrold E. (autor), Hoffman, Michael J (Author)
Format: Bog
Sprog:spansk
Udgivet: Wilmington Addison-Wesley 1998
Fag:
Tags: Tilføj Tag
Ingen Tags, Vær først til at tagge denne postø!

MARC

LEADER 00000nam a2200000 a 4500
001 UCL7281
003 CL-VaPUC
008 040514e19980000US |||||||||||||||||spa|d
020 |a 0201653699 
082 0 4 |a 515.2  |b MAR  |2 21 
100 |a Marsden, Jerrold E.  |e autor  |9 619200 
700 0 |a Hoffman, Michael J  |e author  |9 485179 
245 1 0 |a Análisis clásico elemental 
300 |a 735 p 
942 |c BK 
945 |d 20040514 00:00:00  |a cmena 
260 |a Wilmington  |b Addison-Wesley  |c 1998 
650 0 |a Análisis funcional   |9 269993 
650 7 |a CALCULO DE FUNCIONES  |2 CL-VaPUC  |9 426012 
650 0 |a Teoría de conjuntos   |9 265668 
650 0 |a Números complejos  |9 270335 
650 0 |a Análisis lineal   |9 379800 
650 7 |a FUNCIONES INTEGRALES  |2 CL-VaPUC  |9 425293 
583 |a last modification  |c 20040514 00:00:00  |k Rodrigo Vera 
999 |c 309126  |d 309124 
952 |0 0  |1 0  |4 0  |6 515_200000000000000_MAR_1998  |7 0  |8 A  |9 376441  |a BIBMAT  |b BIBMAT  |d 2019-11-21  |i 4016602  |o 515.2 MAR 1998  |p 4016602  |r 2025-01-07  |w 2019-11-21  |y BK  |k MAT 
952 |0 0  |1 0  |4 0  |6 515_200000000000000_MAR_1998  |7 0  |8 A  |9 376442  |a BIBMAT  |b BIBMAT  |d 2019-11-21  |i 4016610  |o 515.2 MAR 1998  |p 4016610  |r 2025-01-07  |w 2019-11-21  |y BK  |k MAT 
952 |0 0  |1 0  |4 0  |6 515_200000000000000_MAR_1998  |7 0  |8 A  |9 376443  |a BIBMAT  |b BIBMAT  |d 2019-11-21  |i 4016629  |o 515.2 MAR 1998  |p 4016629  |r 2025-01-07  |w 2019-11-21  |y BK  |k MAT 
952 |0 0  |1 0  |4 0  |6 515_200000000000000_MAR_1998  |7 0  |8 A  |9 376444  |a BIBMAT  |b BIBMAT  |d 2019-11-21  |i 4016637  |o 515.2 MAR 1998  |p 4016637  |r 2025-01-07  |w 2019-11-21  |y BK  |k MAT